000
00293nam a22001337a 4500
008
170208b xxu||||| |||| 00| 0 eng d
020
_a
9780495015444
041
_a
eng
080
_2
12TH
_a
61
100
_a
4
101
_a
SHM
245
_a
AN INVITATION TO HEALTH
_c
HALES, D
942
_2
udc
_c
BK
999
_c
4960
_d
4960